Tradition and change in Ghana : (Record no. 5529)
[ view plain ]
| 000 -LEADER | |
|---|---|
| fixed length control field | 00966cam a2200193 a 4500 |
| 020 ## - INTERNATIONAL STANDARD BOOK NUMBER | |
| ISBN | 9964302932 |
| 050 00 - CALL NUMBER | |
| Classification number | HN832.A8 |
| Item number | N91 |
| 100 1# - AUTHOR | |
| Personal name | Nukunya, G. K. |
| 245 10 - TITLE | |
| Title | Tradition and change in Ghana : |
| Remainder of title | an introduction to sociology / |
| Statement of responsibility, etc | G.K. Nukunya. |
| 250 ## - EDITION | |
| Edition statement | 2nd ed. |
| 260 ## - PUBLICATION INFORMATION | |
| Place of publication | Accra : |
| Name of publisher | Ghana Universities Press ; |
| Place of publication | Oxford, UK : |
| Name of publisher | Distributed in Europe and North America by African Books Collective, |
| Year of publication | 2003. |
| 300 ## - DESCRIPTION | |
| Number of Pages | 281 p. : |
| Other physical details | ill. (some col.) ; |
| Dimensions | 23 cm. |
| 500 ## - NOTES | |
| General note | Includes index. |
| 505 ## - FORMATTED CONTENTS NOTE | |
| Table of Content | Kinship --<br/>Marriage and the family --<br/>Religious beliefs and practices --<br/>Political institutions --<br/>Law and social control --<br/>Economic organization --<br/>The main factors of change --<br/>Urbanization, social change and the family --<br/>Social stratification --<br/>Population growth and its problems --<br/>Tribalism, bribery and corruption --<br/>Trokosi system. |
| 650 #0 - SUBJECTS | |
| Topical Term | Social structure |
| 650 #0 - SUBJECTS | |
| Topical Term | Social change |
| 650 #0 - SUBJECTS | |
| Topical Term | Sociology |
| 942 ## - ADDED ENTRY ELEMENTS (KOHA) | |
| Koha item type | Books |
| Withdrawn status | Lost status | Home library | Current library | Shelving location | Date acquired | Full call number | Accession Number | Koha item type | Collection code |
|---|---|---|---|---|---|---|---|---|---|
| Methodist University Library Main | Methodist University Library Main | General Stacks | HN832.A8 N91 | 32587 | Books | ||||
| Methodist University Library Main | Methodist University Library Main | General Stacks | HN832.A8 N91 | 19221 | Books | Reference | |||
| Methodist University Library Main | Methodist University Library Main | General Stacks | HN832.A8 N91 | 19222 | Books | Reference | |||
| Methodist University Library Main | Methodist University Library Main | General Stacks | HN832.A8 N91 | 32588 | Books | ||||
| Methodist University Library Main | Methodist University Library Main | General Stacks | HN832.A8 N91 | 30612 | Books | ||||
| Methodist University Library Main | Methodist University Library Main | General Stacks | HN832.A8 N91 | 19223 | Books | ||||
| Methodist University Library Main | Methodist University Library Main | General Stacks | HN832.A8 N91 | 19224 | Books | ||||
| Methodist University Library Main | Methodist University Library Main | General Stacks | 24/11/2021 | HN832.A8 N91 | 8385 | Books | |||
| Methodist University Library Main | Methodist University Library Main | General Stacks | 24/11/2021 | HN832.A8 N91 | 8384 | Books | |||
| Methodist University Library Tema | Methodist University Library Tema | General Stacks | HN832.A8 N85 | 30755 | Books | ||||
| Methodist University Library Tema | Methodist University Library Tema | General Stacks | HN832.A8 N85 | 30746 | Books |